| 000 | 01217nam a2200337 a 4500 | ||
|---|---|---|---|
| 001 | 000111969 | ||
| 003 | CHAP | ||
| 005 | 20220329144239.0 | ||
| 008 | 151111s2015 mx a fsm |||||||spa d | ||
| 010 | _a108430 | ||
| 011 | _a109402 | ||
| 040 | _cCHAP | ||
| 090 | _aTesis | ||
| 100 | 1 |
_aSalinas Velasco, Ramiro _9130022 |
|
| 245 | 1 | 0 |
_aMedidas para el balance oferta demanda del cultivo de la papaya (Carica papaya) en México / _h[En línea] _cpor Ramiro Salinas Velasco. |
| 260 |
_aChapingo, Méx. : _bEl autor, _c2015. |
||
| 500 | _aPara ver el contenido del material haga clic en la liga | ||
| 502 | _aTesis (Lic. en Economía) -- UACH. División de Ciencias Económico Administrativas | ||
| 590 |
_aE11695DGD _b10 _c20151114 _lUCH01 _h1027 |
||
| 590 |
_aE11695DGD _b10 _c20151114 _lUCH01 _h1027 |
||
| 590 |
_aE6096MTM _b05 _c20151111 _lUCH01 _h1237 |
||
| 590 |
_aE6096MTM _b05 _c20151111 _lUCH01 _h1242 |
||
| 590 |
_aE6096MTM _b05 _c20151111 _lUCH01 _h1242 |
||
| 650 | 1 | 4 |
_aOferta y demanda. _982790 |
| 650 | 1 | 4 |
_aPapaya _xMéxico. _985348 |
| 650 | 1 | 4 |
_aPapaya _xRendimiento. _985356 |
| 856 |
_aFinding aid _uhttp://10.13.5.2/tesis/sist111969.pdf _zTeclea aquí |
||
| 901 | _aBK | ||
| 942 | _cTESIS | ||
| 942 | _n0 | ||
| 999 |
_c108430 _d108430 |
||